LEADER 01302nam 2200265la 450 001 9910482828803321 005 20221102152938.0 035 $a(UK-CbPIL)2090307305 035 $a(CKB)5500000000094886 035 $a(EXLCZ)995500000000094886 100 $a20221102d1534 uy | 101 0 $alat 135 $aurcn||||a|bb| 200 10$aSaxonis Grammatici Danorum Historiae libri XVI, trecentis abhinc annis conscripti, tanta dictionis elegantia, rerumque gestarum varietate, ut cum omni vetustate contendere optimo iure videri possint, accessit rerum memorabilium Index completissimus., [edidit Jo. Oporinus] 210 $aBasel $cJohann Bebel$d1534 215 $aOnline resource ([17], 189 bl.) 300 $aReproduction of original in Det Kongelige Bibliotek / The Royal Library (Copenhagen). 700 $aSaxo$b Grammaticus$fapproximately 1204.$0200265 701 $aOporinus$b Joannes$f1507-1568.$0864526 801 0$bUk-CbPIL 801 1$bUk-CbPIL 906 $aBOOK 912 $a9910482828803321 996 $aSaxonis Grammatici Danorum Historiae libri XVI, trecentis abhinc annis conscripti, tanta dictionis elegantia, rerumque gestarum varietate, ut cum omni vetustate contendere optimo iure videri possint, accessit rerum memorabilium Index completissimus.,$91929692 997 $aUNINA